| 000 | 00936nas a2200301 4500 | ||
|---|---|---|---|
| 001 | BR2012009660 | ||
| 003 | BR-BrBNA | ||
| 005 | 20231205121655.0 | ||
| 007 | ta | ||
| 008 | 230509b bl.|||p| |||| 00| 00por d | ||
| 040 |
_aBR-BrBNA _bpor _cBiblioteca Nacional de Agricultura |
||
| 041 | _a(Pt) | ||
| 072 | _aL72 | ||
| 100 | 1 | _aBernardo, C. das C. | |
| 100 | 1 | _aAvelar, B.R. de | |
| 100 | 1 | _aIgnacchiti, M.D.C. | |
| 100 | 1 | _aMartins, I.V.F. | |
| 100 | 1 | _aPereira, M.J.S. | |
| 245 | 1 | _aKit comercial de ELISA para a detecção de coproantígenos e exame coproparasitológico em bovinos com fígados condenados por fasciolose | |
| 650 | _aBOVINO | ||
| 650 | _aFÍGADO | ||
| 650 | _aFASCIOLOSE | ||
| 650 | _aPARASITO | ||
| 650 | _aDIAGNÓSTICO | ||
| 773 | 0 |
_tCiência Rural (Brazil) _xISSN 0103-8478 _g(Nov 2012), v. 42(11) p. 2025-2029 _wBR2012009660 |
|
| 909 |
_a202311 _bLúcia _c55 _dLúcia Elande |
||
| 942 |
_2AGRIS _n0 _cANA |
||
| 999 |
_c224673 _d224673 |
||